Promoting equality in primary schools

Αποθηκεύτηκε σε:
Λεπτομέρειες βιβλιογραφικής εγγραφής
Άλλοι συγγραφείς: Cole, Mike 1946- (Επιμελητής έκδοσης), Hill, Dave (Επιμελητής έκδοσης), Shan, Sharan-Jeet 1945- (Επιμελητής έκδοσης)
Μορφή: Βιβλίο
Γλώσσα:English
Δημοσίευση: London : Cassell, 433 p.
Σειρά:Introduction to education (New York, N.Y.)
Θέματα:
Ετικέτες: Προσθήκη ετικέτας
Δεν υπάρχουν, Καταχωρήστε ετικέτα πρώτοι!

MARC

LEADER 00000nam a2200000 i 4500
001 1/96180
008 991213s1997 eng d
020 |a 0-304-33308-5 
035 |l 10055651 
040 |a GR-MY-UA  |b gre  |e aacr 
041 0 |a eng 
082 0 |a 370.193 
245 1 0 |a Promoting equality in primary schools /  |c edited by Mike Cole, Dave Hill Sharanjeet Shan 
260 |a London :   |b Cassell,   |c 433 p. 
490 1 |a Introduction to education (New York, N.Y.) 
650 0 0 |a Discrimination in education  |z Great Britain. 
650 0 0 |a Educational equalization  |z Great Britain. 
650 0 0 |a Education, Elementary  |z Great Britain. 
700 1 |a Cole, Mike  |d 1946-  |4 edt 
700 1 |a Hill, Dave.  |4 edt 
700 1 |a Shan, Sharan-Jeet  |d 1945-  |4 edt 
830 0 |a Introduction to education (New York, N.Y.) 
852 |a INST  |b RHODES  |e 19991213  |h 370.193 PRO  |p 005400012306  |q 005400012306  |t BK  |y 0 
901 |a BIBL4-1999-3 
909 |a Ρ  |b 069088 
922 |a 4ΕΛΗ  |b 199909  |c ΚΠΣ/154  |d GLORY BOOKS 
970 |a ΚΟΥΛΑΚΙΟΤΗ  |b ΛΙΤΣΑ  |z 1999/12/13